000 00615nam a2200241 a 4500
001 nice12345678
003 IN_TiNIC
005 20260116012652.0
008 050524s1982 dela grp 000 0 eng
020 _a
_c40
082 0 0 _a306.0954
_bCHA1
100 _aChapekar, Nalinee M
245 _aAncient India and Iran
_b Study of Their Cultural Contacts
260 _aDelhi
_bAjanta Publication
_c1982
300 _a78p
500 _aincludes index and biblioraphy
505 2 _aIndex
650 _aCulture-India-Iran
700 1 _aChapekar, Nalinee M
902 _bSRS
942 _cBK
999 _c7873
_d7873